| 000 | 00788nam a2200253Ia 4500 | ||
|---|---|---|---|
| 003 | OSt | ||
| 005 | 20220924130626.0 | ||
| 006 | a|||||r|||| 00| 0 | ||
| 007 | ta | ||
| 008 | 220923b |||||||| |||| 00| 0 san d | ||
| 020 | _c300 | ||
| 024 | _a266017 | ||
| 037 |
_b79, 11/07/2012, Eastern Book Linkers _cTextual |
||
| 040 |
_aARTS _cARTS _bsan |
||
| 041 |
_2san _asan |
||
| 082 | _aP15,C:3x5,1, 152Q0 | ||
| 100 |
_aRamakrishnamacharyulu K. V. _9196488 |
||
| 245 | 0 | _aBhusanasaratattvaprakasika | |
| 260 |
_aTirupati _bRashtriya Sanskrit Vidyaengtha India _c2010 |
||
| 300 |
_a353p. _ccm. |
||
| 650 | _aLINGUISTICS | ||
| 942 |
_hP15,C:3x5,1, 152Q0 _cTEXL _2CC |
||
| 999 |
_c425000 _d425000 |
||